The partnership book : how you (and a friend) can legally start your own business /

Bibliographic Details
Main Author: Clifford, Denis
Other Authors: Warner, Ralph (Ralph Jake)
Format: Book
Language:English
Published: Reading, Mass. : Addison-Wesley Pub. Co., [1981]
Subjects:

MARC

Tag First Indicator Second Indicator Subfields
LEADER 00000pam a2200000 a 4500
001 in00000098677
005 20150924085941.0
008 810831s1981 maua 00010 eng
010 |a  81012793  
020 |a 0201102161 
035 |a (OCoLC)07797043 
035 |9 AAK9785AM 
039 0 |a 2  |b 3  |c 3  |d 3  |e 3 
040 |a DLC  |c DLC  |d TXA  |d UtOrBLW 
043 |a n-us--- 
049 |a TXAM  |c [952422] 
050 0 0 |a KF1375  |b .C56 
082 0 |a 346.73/0682  |a 347.306682  |2 19 
100 1 |a Clifford, Denis. 
245 1 4 |a The partnership book :  |b how you (and a friend) can legally start your own business /  |c Denis Clifford & Ralph Warner ; illustrations by Linda Allison. 
264 1 |a Reading, Mass. :  |b Addison-Wesley Pub. Co.,  |c [1981] 
264 4 |c ©1981 
300 |a xiii, 221 pages :  |b illustrations ;  |c 28 cm. 
336 |a text  |b txt  |2 rdacontent 
337 |a unmediated  |b n  |2 rdamedia 
338 |a volume  |b nc  |2 rdacarrier 
500 |a "A Nolo Press book." 
504 |a Bibliography: pages 217-218. 
650 0 |a Partnership  |z United States. 
700 1 |a Warner, Ralph  |q (Ralph Jake) 
999 |a MARS 
999 f f |s 0604fda2-27b3-323b-8bda-de2a33ac654e  |i 2e399fa9-9d9f-3100-abda-37388cd312b3  |t 0 
952 f f |p ric  |a Texas A&M University  |b Rellis Campus  |c Joint Library Facility  |d Remote Storage  |t 0  |e KF1375 .C56  |h Library of Congress classification  |i unmediated -- volume  |m A14806033943 
998 f f |a KF1375 .C56  |t 0  |l Remote Storage